Personnages dans Harry Potter à l'école des sorciers - Statistiques

Statistiques générales
  • Ce quiz a été pris 177 fois
  • Le résultat moyen est 51 sur 117
Statistiques - réponses
Personnage % Correct
1 Harry Potter
100%
3 Granger Hermione
99%
2 Weasley Ron
99%
4 Albus Dumbledore
97%
11 Malefoy Drago
96%
5 Minerva McGonagall
95%
22 Fred Weasley
94%
23 George Weasly
94%
7 Severus Rogue
94%
24 Ginny Weasley
92%
6 Rubeus Hagrid
91%
8 Voldemort
90%
17 Molly Weasley
89%
9 Quirinus Quirell
89%
27 Dudley Dursley
87%
21 Percy Weasley
87%
26 Pétunia Dursley
87%
25 Vernon Dursley
87%
18 Arthur Weasley
84%
10 Londubat Neville
84%
12 Vincent Crabbe
80%
13 Gregory Goyle
79%
29 James Potter
79%
30 Lily Potter
79%
19 Bill Weasley
78%
20 Charlie Weasley
77%
15 Seamus Finnigan
77%
16 Dean Thomas
74%
79 Hedwige
74%
56 Filius Flitwick
73%
49 Olivier Dubois
72%
59 Renée Bibine
72%
55 Pomona Chourave
70%
54 Argus Rusard
66%
89 Nick-quasi-sans-tête
65%
80 Croûtard
62%
51 Katie Bell
62%
50 Angelina Johnson
61%
91 La grosse dame
61%
83 Touffu
60%
34 Pansy Parkinson
59%
88 Le baron sanglant
58%
68 Garrick Ollivander
56%
84 Crockdur
55%
33 Parvati Patil
53%
32 Padma Patil
50%
87 Le moine gras
49%
78 Miss Teigne
49%
86 Peeves
48%
60 Pompom Pomfresh
48%
53 Lee Jordan
47%
52 Alicia Spinnet
46%
14 Lavande Brown
46%
82 Norbert
46%
31 Sirius Black
46%
36 Abbot Hannah
45%
90 La dame grise
45%
71 Firenze
43%
76 Godric Gryffondor
43%
77 Helga Poufsouffle
43%
75 Rowena Serdaigle
43%
74 Salazar Serpentard
43%
65 Nicolas Flamel
41%
81 Trévor
40%
58 Binns Cuthbert
38%
45 Marcus Flint
38%
28 Marge Dursley
38%
37 Susan Bones
38%
70 Tom
36%
35 Zabini Blaise
33%
40 Millicent Bulstrode
28%
57 Irma Pince
27%
41 Justin Finch-Fletchley
26%
114 Piers Polkiss
26%
62 Arabella Figg
25%
63 Augusta Londubat
23%
72 Bane
23%
69 Mme Guipure
22%
61 Dedalus Diggle
21%
92 Le Choixpeau
21%
66 Pernelle Flamel
21%
38 Terry Boot
20%
93 Bathilda Tourdesac
17%
64 Algie Londubat
13%
73 Ronan
13%
46 Adrian Pucey
11%
85 Doris Crockford
11%
67 Gellert Grindelwald
11%
104 Bertie Crochue
9%
98 Norbert Dragonneau
8%
48 Terence Higgs
8%
110 Jim McGuffin
6%
44 Lisa Turpin
6%
99 Quentin Jentremble
6%
94 Albert Lasornette
5%
42 Morag McDougal
5%
47 Bletchley
4%
115 Denis
4%
117 Gordon
4%
116 Malcom
4%
39 Mandy Brockklehurst
4%
43 Sally-Anne Perks
4%
113 Yvonne
4%
112 Agrippa
2%
97 Arsenius Beaulitron
2%
107 Circée
2%
95 Emeric G.Changé
2%
102 Emeric Le Hargneux
2%
111 Morgane
2%
96 Phyllida Augrirolle
2%
100 Viridian Vindictus
2%
108 Alberic de Grunnion
1%
105 Cliodna
1%
103 Elfric L'Insatiable
1%
109 Hengist De Woodcroft
1%
106 Paracelse
1%
101 Ulric Le Follingue
1%
Aucun quiz correspondant
Distribution des résultats
% des personnes avec chaque résultat
Percentile par nombre de réponses
Votre historique - résultats
Vous n’avez pas pris ce quiz